Kluby ze stolic Państw Europejskich - Statystyki

Ogólne statystyki
  • Ten quiz został rozwiązany 718 razy
  • Średni wynik to 9 z 12
Statystyki odpowiedzi
Odpowiedź % Poprawnych
Polska Legia Warszawa
99%
Hiszpania Real Madryt
99%
Francja PSG
92%
Anglia Chelsea
89%
Włochy AS Roma
86%
Holandia Ajax Amsterdam
84%
Niemcy Hertha Berlin
79%
Ukraina Dynamo Kijów
75%
Portugalia Sporting Lizbona
74%
Szkocja Celtic Glasgow
56%
Finlandia HJK Helsinki
37%
Rosja CSK Moskwa
20%
Nie znaleziono quizów pasujących do podanych kryteriów
Rozkład punktacji
Procent ludzi z każdym wynikiem
Percentyl według liczby udzielonych odpowiedzi
Twoja historia wyników
Nie rozwiązałeś tego quizu